| 000 | 00451nam a2200205Ia 4500 | ||
|---|---|---|---|
| 005 | 20250425162445.0 | ||
| 008 | 250425s9999 xx 000 0 und d | ||
| 020 | _a0444426094 | ||
| 041 | _aeng | ||
| 082 | _a574.52636 | ||
| 245 | 0 | _aCONTINENTAL SHELVES | |
| 250 | _aS.E. | ||
| 260 | _aAMSTERDAM | ||
| 260 |
_aPaĆses Bajos, Holanda _bS.E. _c1988 |
||
| 300 | _a421 | ||
| 650 | _aMAR | ||
| 650 | _aOCEANOS | ||
| 942 | _c01 | ||
| 010 | _a75421 | ||
| 999 |
_c229605 _d229605 |
||